Music Quiz

Random Music or Lyrics Quiz

What John Lennon Imagines Quiz Stats

Quiz Updated Oct 2, 2012

Challenge
Share
Tweet
Embed
Score 0/9 Timer 02:00
3 Plays Today
Imagine... What is Imagined % Correct
Imagine there's......no heaven (It's easy if you try)
89.1%
Imagine all the people......living life in peace
66.1%
Imagine all the people......living for today
60.4%
Imagine......nothing to kill or die for (And no religion too)
56.9%
Imagine there's......no countries (It isn't hard to do)
56.7%
Imagine......no hell below us (Above us only sky)
47.2%
Imagine......no possessions (I wonder if you can)
37.5%
Imagine all the people......sharing all the world
31%
Imagine......no need for greed or hunger (A brotherhood of man)
31%

You're not logged in!

Compare scores with friends on all Sporcle quizzes.
Sign Up with Email
OR
Log In

You Might Also Like...

Show Comments

Extras

Top Quizzes Today


Score Distribution

Your Account Isn't Verified!

In order to create a playlist on Sporcle, you need to verify the email address you used during registration. Go to your Sporcle Settings to finish the process.